| 000 | 00426cam a22001337a 4500 | ||
|---|---|---|---|
| 008 | 180718b1955 xxu||||| |||| 00| 0 eng d | ||
| 082 | _aQ100x42 M833 | ||
| 100 | _aMorris, Mary | ||
| 245 |
_aVoluntary organisations and social progress _cby Mary Morris |
||
| 260 |
_aLondon _bVictor Gollancz _c1955 |
||
| 300 | _a224p. | ||
| 650 | _aGreat Britain --Social conditions | ||
| 650 | _aAssociations, institutions, etc. --Great Britain | ||
| 999 |
_c432760 _d432760 |
||